logo

Bir Sreshtho Munshi Abdur Rouf Library
Jhenaidah Cadet College

Against the grain : (Record no. 1710)

MARC details
000 -LEADER
fixed length control field 01204cam a2200337 a 4500
001 - CONTROL NUMBER
JCCL Control Number 1710
003 - CONTROL NUMBER IDENTIFIER
JCCL marc code BD-JhCC
005 - DATE AND TIME OF LATEST TRANSACTION
control field 20171023183530.0
008 - FIXED-LENGTH DATA ELEMENTS--GENERAL INFORMATION
fixed length control field 030513s2003 njua a 001 0 eng
020 ## - INTERNATIONAL STANDARD BOOK NUMBER
International Standard Book Number 0471216003 (cloth)
035 ## - SYSTEM CONTROL NUMBER
system control number (BD-JhCC)1710
040 ## - CATALOGING SOURCE
Original cataloging agency DLC
Transcribing agency DLC
Modifying agency DLC
041 ## - LANGUAGE CODE
Language code of Book eng
050 00 - LIBRARY OF CONGRESS CALL NUMBER
Classification number HG4028.V3
Item number S828 2003
082 00 - DEWEY DECIMAL CLASSIFICATION NUMBER
Classification number 338.6/041/092
-- B
DDC Edition number 21
Author mark and Year STE 2003
100 1# - MAIN ENTRY--PERSONAL NAME
Personal name Stern, Joel M.
245 10 - TITLE STATEMENT
Title Against the grain :
Remainder of title how to succeed in business by peddling heresy /
Statement of responsibility, etc Joel M. Stern with Irwin Ross.
260 ## - PUBLICATION, DISTRIBUTION, ETC. (IMPRINT)
Place of publication, distribution, etc Hoboken, N.J. :
Name of publisher, distributor, etc J. Wiley,
Date of publication, distribution, etc c2003.
300 ## - PHYSICAL DESCRIPTION
Pagination xiii, 221 p. :
Other physical details ill. ;
Dimensions 24 cm.
500 ## - GENERAL NOTE
General note Includes index.
650 #0 - SUBJECT ADDED ENTRY--TOPICAL TERM
Topical term or geographic name as entry element Economic value added.
650 #0 - SUBJECT ADDED ENTRY--TOPICAL TERM
Topical term or geographic name as entry element Corporations
General subdivision Valuation.
650 #0 - SUBJECT ADDED ENTRY--TOPICAL TERM
Topical term or geographic name as entry element Capital investments
General subdivision Decision making.
650 #0 - SUBJECT ADDED ENTRY--TOPICAL TERM
Topical term or geographic name as entry element Managerial economics.
700 1# - ADDED ENTRY--PERSONAL NAME
Personal name Ross, Irwin,
Dates associated with a name 1919-
856 42 - ELECTRONIC LOCATION AND ACCESS
Materials specified Contributor biographical information
Uniform Resource Identifier http://www.loc.gov/catdir/bios/wiley043/2003010884.html
856 42 - ELECTRONIC LOCATION AND ACCESS
Materials specified Publisher description
Uniform Resource Identifier http://www.loc.gov/catdir/description/wiley036/2003010884.html
856 41 - ELECTRONIC LOCATION AND ACCESS
Materials specified Table of contents
Uniform Resource Identifier http://www.loc.gov/catdir/toc/wiley031/2003010884.html
942 ## - ADDED ENTRY ELEMENTS (KOHA)
Source of classification or shelving scheme Dewey Decimal Classification
Koha item type Books
Holdings
Source of classification or shelving scheme Damaged status Not for loan Home library Current library Shelving location Date of accession Total Checkouts Full call number Barcode Date last seen Copy number Koha item type
Dewey Decimal Classification     JCC Rouf Library JCC Rouf Library General Stacks 10/23/2017   338.6/041/092 STE 2003 3038 04/23/2024 C-1 Books

JCC Library | Contacts | JCC Home

Last Update on 23 September 2017
Copyright @ 2017-2020 JCC Rouf Library
Rouf Library, Jhenidah Cadet College (JCC), Bangladesh